| 000 | 01252nam a22002417a 4500 | ||
|---|---|---|---|
| 003 | OSt | ||
| 005 | 20220531084006.0 | ||
| 007 | ta | ||
| 008 | 201113b dr ||||fr|||| 001 0 spa d | ||
| 040 |
_aDO-SdBNP _bspa _cBNPHU |
||
| 041 | _hspa | ||
| 082 |
_axxxx _bC669co |
||
| 240 | _a[Leyes.] | ||
| 245 | 1 | 0 |
_aCódigo civil de la República dominicana : _bleyes que lo modifican y lo completan / _cPlinio Terrero Peña, ed. |
| 260 |
_aSanto Domingo : _bAmérica , 3ra. ed. _c[s,f] |
||
| 300 |
_a518 pg. ; _c20 cm. |
||
| 500 | _aIncluye índice de apéndice | ||
| 501 | _aIncluye artículos del código civil que han sido suprimidos. | ||
| 505 | 1 | 0 |
_a- Libro primero : _tDe las personas : título I : Del goce y privación o pérdida de los derechos civiles.- título II : del acto de los actos del estado civil. título III : del domicilio. título IV: de los ausentes. título V : del matrimonio. título VII : de la paternidad y de la filiación. título VIII : de la adopción. título IX : de la patria potestad. título X: de la menor edad, de la tutela y de la emancipación. título XI : de la mayor edad, de la interdicción, y del consultor judicial.- |
| 700 |
_aTerrero Peña , Plinio. _eed. _935380 |
||
| 740 | 1 | _aLeyes. | |
| 942 |
_2ddc _cLBS1 |
||
| 999 |
_c49132 _d49132 |
||